Statistics for SAT Words HARD Click Quiz - E

Click here to take the quiz!

General Stats

  • This quiz has been taken 159 times
  • The average score is 9 of 15

Answer Stats

HintAnswer% Correct
Relating to a churchEcclesiastical
92%
Free from bondageEmancipate
89%
Extreme thinnessEmaciation
82%
Boredom in life; dissatisfactionEnnui
76%
Confined to one particular regionEndemic
74%
A calling forth or summoningEvocation
67%
Improve or instruct morallyEdify
59%
Showing composure; calmEquanimous
59%
Making soft or suppleEmollient
56%
Correction, improvementEmendation
53%
Strong objection or reproachExpostulation
43%
Having great hungerEdacious
40%
Promoting happiness or well-beingEudaemonic
40%
Outburst of strong emotionEbullition
31%
Lotion for rubbing on the skinEmbrocation
23%

Score Distribution

Percentile by Number Answered

Percent of People with Each Score

Your Score History

You have not taken this quiz